00243nam a2200085Ia 450000100070000000500170000700800410002424500700006526000220013578332820250826170220.0250824s9999 xx 000 0 und d 0aOR DA KİMSE VAR MI? 1. KİTAP: YAŞASIN ÖLÜMcALEV ALATLI bEVEREST YAYINLARI